000 00639nam a2200229Ia 4500
003 OSt
005 20220925200145.0
006 a|||||r|||| 00| 0
007 ta
008 220923b |||||||| |||| 00| 0 eng d
037 _cGeneral Book
040 _aRTL
_cRTL
_beng
041 _2eng
_aeng
082 _aX71.271.N55, J5
110 _aORISSA,FINANCE (Deptt. of--)
245 0 _aCivil budget estimate fkor the year 1955-56.
260 _aCuttack
_bGovt. press
_c1955
300 _a874p
_ccm.
700 _aORISSA,FINANCE (Deptt. of--)
942 _hX71.271.N55, J5
_cGB
_2CC
999 _c535592
_d535592